| 000 | 01647nam a2200385 c 4500 | ||
|---|---|---|---|
| 003 | BLK | ||
| 005 | 20231030114925.0 | ||
| 008 | 180409b bul|||||r ||||||| ||bul|| | ||
| 010 | _aKNG00137382000 | ||
| 020 |
_a978-954-641-047-4 _bиздат.: Пергамент прес |
||
| 040 | _aBLK | ||
| 041 |
_aBUL _cBUL |
||
| 080 |
_aИстория на Древен Китай _b931.5 _x(02.062) _z931.5(02.062) |
||
| 700 | 1 |
_aЙотов, Станимир Ботев _9373004 |
|
| 139 |
_aСтраници от историята на Древен Китай _bС 84 |
||
| 245 | 1 | 0 |
_aСтраници от историята на Древен Китай _b2500 г. пр. н. е. - 1500 г. сл. н. е. : Из хрониките на Поднебесната империя _cсъстав. и прев. Станимир Ботев Йотов. |
| 257 | _aKIT | ||
| 260 |
_аСофия _bПергамент прес _c2011 _fСофия : Симолини |
||
| 300 |
_a240 с. _c20 см |
||
| 380 | _a9 | ||
| 500 | _aСъдържа и Династии и периоди в историята на Китай. - Доп. тир. 2012. | ||
| 650 | 4 |
_aДревен Китай _9269644 |
|
| 650 | 4 |
_aКитай - история _9242271 |
|
| 651 | 4 |
_aКитай _9242505 |
|
| 653 | _aДревен Китай | ||
| 653 | _aистория | ||
| 653 | _aдинастии | ||
| 653 | _aвладетели | ||
| 852 | _aЦб 257484 | ||
| 856 | 4 |
_qpdf _u |
|
| 856 | 4 |
_qpdf _u |
|
| 942 |
_cKNG _n0 _08 |
||
| 944 |
_aCR _c15.12.2012 _lГалина Якимова _k30564 |
||
| 944 |
_aED _c27.06.2017 _lф / _kЛюдмила_Стоянова |
||
| 999 |
_c131559 _d131559 |
||